Capitals of Random U.S. States on a Map - Statistics

General Stats
  • This quiz has been taken 953 times
  • The average score is 12 of 15
Answers on the Map
Answers color-coded by a green-red scale on the quiz's map according to % correct below.
 
Answer Stats
Capital % Correct
Albany
100%
Phoenix
100%
Austin
97%
Oklahoma City
97%
Denver
93%
Sacramento
93%
Columbus
91%
Salt Lake City
90%
Carson City
89%
Harrisburg
88%
Salem
88%
Santa Fe
88%
Juneau
87%
Atlanta
86%
Richmond
86%
Bismarck
85%
Boise
85%
Helena
85%
Lansing
85%
Little Rock
85%
Olympia
85%
Baton Rouge
84%
Cheyenne
84%
Lincoln
83%
Raleigh
83%
Topeka
83%
Columbia
81%
Jackson
81%
Madison
81%
Providence
81%
Tallahassee
81%
Springfield
80%
Frankfort
79%
Montgomery
79%
Nashville
79%
Des Moines
78%
Pierre
78%
Boston
76%
Indianapolis
76%
Annapolis
75%
Montpelier
74%
Hartford
73%
St. Paul
72%
Charleston
71%
Trenton
70%
Concord
69%
Dover
69%
Augusta
68%
Honolulu
68%
Jefferson City
66%
No matching quizzes found
Score Distribution
Percent of People with Each Score
Percentile by Number Answered
Your Score History
You have not taken this quiz